Every Formula One Driver Since 2000 - Statistics

General Stats
  • This quiz has been taken 1,256 times
    542 since last reset
  • The average score is 76 of 129
Answer Stats
Years Nation Driver % Correct
2001, 2003-2018, 2021-2025 Spain Fernando Alonso
96%
2007-2025 United Kingdom Lewis Hamilton
96%
2019-2020, 2022-2025 Thailand Alexander Albon
95%
2015-2025 Netherlands Max Verstappen
95%
2018-2025 Monaco Charles Leclerc
93%
2000-2001, 2003 Netherlands Jos Verstappen
93%
2000-2006, 2010-2012 Germany Michael Schumacher
92%
2021-2022 Germany Mick Schumacher
92%
2010, 2012-2020, 2022-2025 Germany Nico Hülkenberg
92%
2015-2025 Spain Carlos Sainz Jr.
91%
2019-2025 United Kingdom Lando Norris
91%
2000-2007 Germany Ralf Schumacher
91%
2016-2018, 2020-2025 France Esteban Ocon
90%
2019-2025 United Kingdom George Russell
90%
2000-2017 United Kingdom Jenson Button
90%
2017-2025 Canada Lance Stroll
90%
2023-2025 Australia Oscar Piastri
90%
2007-2022 Germany Sebastian Vettel
90%
2013-2024 Finland Valtteri Bottas
90%
2025 Italy Andrea Kimi Antonelli
89%
2011-2024 Australia Daniel Ricciardo
89%
2014, 2016-2020, 2022-2024 Denmark Kevin Magnussen
89%
2001-2009, 2012-2021 Finland Kimi Räikkönen
89%
2023-2025 New Zealand Liam Lawson
89%
2017-2025 France Pierre Gasly
89%
2011-2024 Mexico Sergio Pérez
89%
2021-2025 Japan Yuki Tsunoda
89%
2002-2013 Australia Mark Webber
85%
2002, 2004-2017 Brazil Felipe Massa
84%
2025 Brazil Gabriel Bortoleto
84%
2006-2016 Germany Nico Rosberg
84%
2025 France Isack Hadjar
83%
2024-2025 United Kingdom Oliver Bearman
83%
2022-2024 China Zhou Guanyu
83%
2014-2017, 2019-2020 Russia Daniil Kvyat
82%
2024 Argentina Franco Colapinto
82%
2000-2001 Finland Mika Häkkinen
81%
2006-2010, 2019, 2021 Poland Robert Kubica
81%
2000-2011 Brazil Rubens Barrichello
80%
2020-2022 Canada Nicholas Latifi
79%
2021 Russia Nikita Mazepin
79%
2009, 2012-2020 France Romain Grosjean
79%
2023-2024 United States Logan Sargeant
77%
2001-2006 Colombia Juan Pablo Montoya
76%
2011-2015 Venezuela Pastor Maldonado
76%
2024-2025 Australia Jack Doohan
74%
2022-2023 Netherlands Nyck de Vries
74%
2000-2006 Canada Jacques Villeneuve
71%
2000-2009 Italy Giancarlo Fisichella
70%
2007-2012 Finland Heikki Kovalainen
70%
2009-2012, 2014 Japan Kamui Kobayashi
70%
2000-2008 United Kingdom David Coulthard
68%
2017, 2019-2021 Italy Antonio Giovinazzi
67%
2000-2011 Italy Jarno Trulli
67%
2014-2018 Sweden Marcus Ericsson
66%
2010-2012 Brazil Bruno Senna
65%
2016-2018 Belgium Stoffel Vandoorne
65%
2000-2002, 2005-2006, 2010-2012 Spain Pedro de la Rosa
64%
2010-2012 Russia Vitaly Petrov
63%
2020 Brazil Pietro Fittipaldi
62%
2013-2014 France Jules Bianchi
60%
2002-2008 Japan Takuma Sato
60%
2020 United Kingdom Jack Aitken
59%
2000-2011 Germany Nick Heidfeld
59%
2007-2011, 2013-2014 Germany Adrian Sutil
57%
2017-2018 New Zealand Brendon Hartley
57%
2013-2014, 2016 Mexico Esteban Gutiérrez
56%
2008-2009 Brazil Nelson Piquet Jr.
56%
2004, 2008-2012 Germany Timo Glock
56%
2000-2001 France Jean Alesi
55%
2018 Russia Sergey Sirotkin
55%
2000-2002 United Kingdom Eddie Irvine
53%
2000-2003 Germany Heinz-Harald Frentzen
53%
2000, 2002 Finland Mika Salo
53%
2009-2011 Switzerland Sébastien Buemi
52%
2010-2011 India Karun Chandhok
51%
2012-2014 France Jean-Éric Vergne
49%
2011-2013, 2017 United Kingdom Paul di Resta
49%
2005, 2011-2012 India Narain Karthikeyan
48%
2016-2017 Germany Pascal Wehrlein
48%
2016-2017 United Kingdom Jolyon Palmer
47%
2006-2007 United States Scott Speed
47%
2000, 2005, 2007 Austria Alexander Wurz
46%
2001-2004 France Olivier Panis
46%
2005-2007, 2009-2011 Italy Vitantonio Liuzzi
46%
2004-2006, 2010 Austria Christian Klien
45%
2015-2016 Brazil Felipe Nasr
45%
2009-2011 Spain Jaime Alguersuari
45%
2016 Indonesia Rio Haryanto
45%
2007-2009 Japan Kazuki Nakajima
44%
2009 Italy Luca Badoer
43%
2005-2006 Portugal Tiago Monteiro
42%
2012-2013 France Charles Pic
41%
2013-2014 United Kingdom Max Chilton
39%
2001-2002 Malaysia Alex Yoong
38%
2008-2009 France Sébastien Bourdais
38%
2003-2004 Hungary Zsolt Baumgartner
38%
2014-2015 United States Alexander Rossi
37%
2006 Japan Yuji Ide
37%
2006-2007, 2010 Japan Sakon Yamamoto
36%
2005-2007 Netherlands Christijan Albers
33%
2011-2012 Belgium Jérôme d'Ambrosio
33%
2007 Germany Markus Winkelhock
33%
2002, 2005, 2007-2008 United Kingdom Anthony Davidson
32%
2013 Netherlands Giedo van der Garde
32%
2000 United Kingdom Johnny Herbert
32%
2000-2001, 2004-2005 Brazil Ricardo Zonta
32%
2005-2006 Netherlands Robert Doornbos
32%
2014-2015 United Kingdom Will Stevens
32%
2015 Spain Roberto Merhi
31%
2010 Brazil Lucas di Grassi
29%
2014 Germany André Lotterer
26%
2001 Czech Republic Tomáš Enge
26%
2000, 2003-2004 Spain Marc Gené
24%
2003-2005 Brazil Antônio Pizzonia
21%
2000-2001 Argentina Gastón Mazzacane
21%
2003-2004 Brazil Cristiano da Matta
19%
2006 France Franck Montagny
19%
2000-2001 Brazil Luciano Burti
19%
2001 Brazil Tarso Marques
19%
2003 United Kingdom Justin Wilson
18%
2003 Ireland Ralph Firman
18%
2001-2002 Brazil Enrique Bernoldi
17%
2005 Austria Patrick Friesacher
17%
2002 United Kingdom Allan McNish
16%
2000 Brazil Pedro Diniz
16%
2004 Italy Gianmaria Bruni
15%
2004 Italy Giorgio Pantano
15%
2003 Denmark Nicolas Kiesa
12%
No matching quizzes found
Score Distribution
Percent of People with Each Score
Percentile by Number Answered
Your Score History
You have not taken this quiz since the last reset